<?xml version='1.0' encoding='UTF-8'?>
  <record xmlns="http://www.loc.gov/MARC21/slim">
    <leader>00000ctc a22000007i 4500</leader>
    <controlfield tag="001">ocn969721945</controlfield>
    <controlfield tag="003">OCoLC</controlfield>
    <controlfield tag="005">20240202180208.2</controlfield>
    <controlfield tag="008">170123kuuuu0800ua            000 0 egy d</controlfield>
    <datafield tag="040" ind1=" " ind2=" ">
      <subfield code="a">QGJ</subfield>
      <subfield code="b">eng</subfield>
      <subfield code="e">rda</subfield>
      <subfield code="c">QGJ</subfield>
      <subfield code="d">OCLCQ</subfield>
      <subfield code="d">QGJ</subfield>
      <subfield code="d">OCLCL</subfield>
    </datafield>
    <datafield tag="035" ind1=" " ind2=" ">
      <subfield code="a">(OCoLC)969721945</subfield>
    </datafield>
    <datafield tag="041" ind1="0" ind2=" ">
      <subfield code="a">egy</subfield>
      <subfield code="a">grc</subfield>
      <subfield code="a">cop</subfield>
    </datafield>
    <datafield tag="245" ind1="0" ind2="0">
      <subfield code="a">Collection of Demotic, Greek and Coptic manuscripts.</subfield>
      <subfield code="f">UBU Hs. 10 D 1.</subfield>
    </datafield>
    <datafield tag="246" ind1="3" ind2=" ">
      <subfield code="a">Fischer Collection.</subfield>
      <subfield code="f">UBU Hs. 10 D 1</subfield>
    </datafield>
    <datafield tag="264" ind1=" " ind2="0">
      <subfield code="a">[Egypt],</subfield>
      <subfield code="c">[200 B.C.-800 A.D.?]</subfield>
    </datafield>
    <datafield tag="300" ind1=" " ind2=" ">
      <subfield code="a">1 box</subfield>
    </datafield>
    <datafield tag="336" ind1=" " ind2=" ">
      <subfield code="a">text</subfield>
      <subfield code="b">txt</subfield>
      <subfield code="2">rdacontent</subfield>
    </datafield>
    <datafield tag="337" ind1=" " ind2=" ">
      <subfield code="a">unmediated</subfield>
      <subfield code="b">n</subfield>
      <subfield code="2">rdamedia</subfield>
    </datafield>
    <datafield tag="338" ind1=" " ind2=" ">
      <subfield code="a">sheet</subfield>
      <subfield code="b">nb</subfield>
      <subfield code="2">rdacarrier</subfield>
    </datafield>
    <datafield tag="340" ind1=" " ind2=" ">
      <subfield code="a">papyrus.</subfield>
    </datafield>
    <datafield tag="500" ind1=" " ind2=" ">
      <subfield code="a">Preliminary title.</subfield>
    </datafield>
    <datafield tag="500" ind1=" " ind2=" ">
      <subfield code="a">Also known as: Fischer Collection.</subfield>
    </datafield>
    <datafield tag="500" ind1=" " ind2=" ">
      <subfield code="a">Dating: between approximately 200 B.C. and approximately 800 A.D..</subfield>
    </datafield>
    <datafield tag="541" ind1=" " ind2=" ">
      <subfield code="a">Beyers;</subfield>
      <subfield code="b">Utrecht;</subfield>
      <subfield code="c">Purchase;</subfield>
      <subfield code="d">091944;</subfield>
      <subfield code="h">Dutch Florins 1.700,--</subfield>
    </datafield>
    <datafield tag="561" ind1=" " ind2=" ">
      <subfield code="a">Found in Egypt in the sixties of the 19th century by the German Egyptologist A.A. Eisenlohr (1832-1902) and after his death sold by his widow S. Eisenlohr to the German tradesman Ernst Fischer (1866-1951) at Weinheim.</subfield>
    </datafield>
    <datafield tag="520" ind1="2" ind2=" ">
      <subfield code="a">Collection of papyrus fragments: Nos. 1-4 Demotic (No. 1b: Demotic and Greek) documentary papyri with lists and accounts. No. 5: Six Greek papyrus fragments, of which the first five pieces (5a-c)  belong together, containing lists with many names. No. 6: A Coptic inventory of food supplies and other goods. The collection also contains two photographs with several Demotic and Greek papyrus fragments. The are not part of the Fischer collection and their identity and present location are unknown. To the collection are added: 1. A postcard by S. Eisenlohr to G. Korn (Ludwigshafen) dated December 15th 1909. 2. A letter by G. Korn  to Ernst Fischer (Weinheim) dated December 16th, 1909. 3. Last page of a catalogue of archeological objects from the estate of A. Eisenlohr. 4. Letter by Ernst Boswinkel (1913-1995) (Leiden)  to the librarian of Utrecht University Library (Daniël Grosheide (1913-1986)), accompanied  by a transcription of the Greek papyrus fragments by Ernst Boswinkel and annotations on the Demotic papyrus fragments by Pieter Willem Pestman (1933-2010).</subfield>
    </datafield>
    <datafield tag="524" ind1="8" ind2=" ">
      <subfield code="a">Cite as: Universiteitsbibliotheek Utrecht Hs. 10 D 1.</subfield>
    </datafield>
    <datafield tag="581" ind1=" " ind2=" ">
      <subfield code="a">Roelof van den Broek, Catalogue of the Coptic Manuscripts in the Utrecht University Library, Utrecht, 2017.</subfield>
    </datafield>
    <datafield tag="581" ind1=" " ind2=" ">
      <subfield code="a">Handschriften en oude drukken van de Utrechtse Universiteitsbibliotheek, Utrecht, 1984, p. 202-205.</subfield>
    </datafield>
    <datafield tag="700" ind1="1" ind2=" ">
      <subfield code="a">Eisenlohr, August,</subfield>
      <subfield code="d">1832-1902,</subfield>
      <subfield code="e">former owner.</subfield>
      <subfield code="1">https://id.oclc.org/worldcat/entity/E39PBJx4qRtBRfd8PDd7b7gMyd</subfield>
    </datafield>
    <datafield tag="700" ind1="1" ind2=" ">
      <subfield code="a">Eisenlohr, S.,</subfield>
      <subfield code="e">former owner.</subfield>
    </datafield>
    <datafield tag="700" ind1="1" ind2=" ">
      <subfield code="a">Fischer, Ernst,</subfield>
      <subfield code="d">1866-1951,</subfield>
      <subfield code="e">former owner.</subfield>
    </datafield>
    <datafield tag="758" ind1=" " ind2=" ">
      <subfield code="i">has work:</subfield>
      <subfield code="a">UBU Hs. 10 D 1 Collection  of Demotic, Greek and Coptic manuscripts (Text)</subfield>
      <subfield code="1">https://id.oclc.org/worldcat/entity/E39PCH7YWF73JgVVpxcwJ9gWj3</subfield>
      <subfield code="4">https://id.oclc.org/worldcat/ontology/hasWork</subfield>
    </datafield>
    <datafield tag="856" ind1="4" ind2="1">
      <subfield code="u">http://objects.library.uu.nl/reader/resolver.php?obj=003043981&amp;type=2</subfield>
      <subfield code="x">Online</subfield>
      <subfield code="z">Full Text</subfield>
    </datafield>
  </record>